000 00603nam a2200229Ia 4500
003 OSt
005 20220928101719.0
006 a|||||r|||| 00| 0
007 ta
008 220927b |||||||| |||| 00| 0 eng d
024 _a58772
037 _cTextual
040 _aSDCL
_cSDCL
_beng
041 _2eng
_aeng
082 _aO152,3N38,1, L2;1
100 _aKaliya Ravindra
_9394129
245 0 _aKala rajistar.
260 _aAllahabad
_bRachna Prakashan
_c1972
300 _a115p.
_ccm.
942 _hO152,3N38,1, L2;1
_cTEXL
_2CC
999 _c709685
_d709685